Statistiques concernant Quiz sur Al-Qaïda

Cliquez ici pour prendre le quiz!

Statistiques générales

  • Ce quiz a été pris 75 fois
  • Le résultat moyen est 8 sur 20

Statistiques - réponses

QuestionRéponse% Correct
Riche saoudien et co-fondateur du groupeOussama Ben Laden
90%
Tours attaquées par Al-Qaida en 2001 à l'aide d'avionsTours jumelles
79%
Le groupe s'est fondé suite à une guerre dans ce paysAfghanistan
68%
Président Américain qui a dirigé l'opération visant à la mort de celui-ciBarack Obama
63%
Pays où a été tué en 2011 le dirigeant historique du groupePakistan
61%
Agence Américaine suspectée d'avoir armé Al-Qaïda dans ce conflitCIA
58%
Nom donnée à la guerre sainte, encouragée par Al-QaïdaDjihad
55%
Année de fondation du groupe1987
47%
Ville européenne attaquée par des combattants d'Al-Qaïda en 2005, provoquant 56 mortsLondres
45%
Pays contre lequel se battaient ces combattantsURSS
35%
Signification d'Al-Qaïda en arabeLa {base}
32%
Pays dans lequel, Al-Qaïda a mené une attaque contre un destroyer Américain en 2000Yémen
29%
Nom donné aux combattants musulmans venant aider ce paysMoudjahidines
27%
Nom donné dans l'Islam, à cet avis juridique émis par un mufti, qu'Al-Qaïda a émis en appelant à tuer les AméricainsFatwa
23%
Filiale d'Al-Qaïda qui opère de nos jours en AfriqueAQMI
21%
En 1998, Al-Qaïda a participé à des attentats contre les ambassades américaines dans ces paysKenya
21%
Groupe dirigé par le Mollah Omar qui protégea Al-QaïdaTalibans
19%
En 1998, Al-Qaïda a participé à des attentats contre les ambassades américaines dans ces paysTanzanie
19%
Figure du djihadisme, cet Egyptien a pris la tête du groupe en 2011 jusqu'à son assassinat par en 2022Ayman Al-Zawahiri
11%
Théologien palestinien, autre co-fondateur du groupeAbdallah Azzam
10%

Distribution des résultats

Percentile par nombre de réponses

% des personnes avec chaque résultat

Votre développement - résultats

Vous n’avez pas pris ce quiz